|
|
|
|
| LEADER |
00000cam a2200000 a 4500 |
| 001 |
vtls009817322 |
| 003 |
SK-MaSNL |
| 005 |
20260331205046.0 |
| 008 |
251120s2008 xo a j f000 0 slo |
| 013 |
|
|
|a 286216
|b SK
|c patent
|d 20080506
|e dátum nadobudnutia účinkov patentu (Vestník ÚPV SR č.: 5/2008)
|d 20080502
|e dátum sprístupnenia patentu
|
| 013 |
|
|
|a 645-2001
|e číslo prihlášky
|d 19991111
|e dátum podania prihlášky
|d 20011203
|e dátum zverejnenia prihlášky (Vestník ÚPV SR č.: 12/2001)
|
| 013 |
|
|
|a PA 1998 01476
|e číslo prioritnej prihlášky
|d 19981112
|e dátum podania prioritnej prihlášky
|b DK
|e kód krajiny prioritnej prihlášky
|
| 015 |
|
|
|a SNBN2013
|
| 035 |
|
|
|a (SVKBBclas03)vtls000288688
|
| 040 |
|
|
|a SNK
|b slo
|c SNK
|e AACR2
|
| 041 |
0 |
|
|a slo
|
| 072 |
|
7 |
|a 692
|x Konštrukčné prvky a časti stavieb
|2 konspekt
|
| 080 |
|
|
|a 692.82
|2 2001
|
| 080 |
|
|
|a 692.83
|2 2001
|
| 084 |
|
|
|a E06B 9/11
|2 IPC
|
| 084 |
|
|
|a E06B 9/56
|2 IPC
|
| 100 |
1 |
|
|a Ritz, Anders
|4 org
|9 477838
|
| 245 |
1 |
0 |
|a Tieniace zariadenie
|c Anders Ritz, Ulrik Ulriksen ; patent. zást. Marta Majlingová
|
| 260 |
|
|
|a [Banská Bystrica]
|b Úrad priemyselného vlastníctva SR
|c [2008]
|
| 300 |
|
|
|a 8 s.
|b obr.
|c 30 cm
|
| 650 |
0 |
7 |
|a okná
|2 SVKBBPH
|9 21896
|
| 650 |
0 |
7 |
|a tieniace zariadenia
|2 SVKBBPH
|9 407873
|
| 650 |
0 |
7 |
|a Microsoft Windows
|2 SNKPHeng
|9 3939
|
| 650 |
0 |
7 |
|a Car blinds
|2 SNKPHeng
|9 477839
|
| 655 |
|
7 |
|a patenty
|2 SNKPH
|9 177343
|
| 655 |
|
7 |
|a patent licenses
|2 SNKPHeng
|9 303430
|
| 700 |
1 |
|
|a Ulriksen, Ulrik
|4 org
|9 477840
|
| 700 |
1 |
|
|a Majlingová, Marta
|4 oth
|9 305101
|
| 710 |
2 |
|
|a VKR Holding A/S (Søborg, Dánsko)
|4 pth
|9 305705
|
| 999 |
|
|
|c 745049
|d 746979
|
| 952 |
|
|
|a SNK
|b SNK
|y PREZ
|7 0
|p 17A1080036
|o snkSK 286216
|i snk2013/16921
|8 0
|0 0
|1 0
|4 0
|d 2013-07-19
|l 0
|r 2026-02-23 23:13:29
|w 2026-02-23
|